000 00369nam a2200157Ia 4500
008 221030s9999 xx 000 0 und d
041 _aEnglish
082 _a105.23
_bAna
100 _aS. C. Anand
245 0 _aPractical Physics Part II XII Class
260 _bRadha Krishan
_aJammu
_c1987
300 _a82
650 _aPhysics
700 _aV. Sharma
942 _cBK
999 _c1060
_d1060